000 01444cam a2200385 a 4500
001 16503962
003 OSt
005 20260319104128.0
008 100914s2010 enka 000 0 eng
010 _a 2010530216
020 _a9781871480825
_qcloth
020 _a1871480825
_qcloth
035 _a16503962
040 _aDLC
_cFoundation University
_dDLC
_dFULib
_beng
_erda
042 _apcc
043 _ae-uk-en
050 0 0 _aNB 1160
_b.2010 N37
082 0 0 _a730.92
_222
100 1 _aNash, David,
_d1945-
_915388
245 1 0 _aDavid Nash at Yorkshire Sculpture Park /
_c[photography, Jonty Wilde].
260 _aWakefield :
_bYorkshire Sculpture Park,
_cc2010.
264 _4c2010.
300 _a176 pages :
_billustrations (chiefly color) ;
_c25 x 31 cm.
_3resource
_fvolume
336 _atext
_btxt
_2rdacontent
337 _aunmediated
_bn
_2rdamedia
338 _avolume
_bnc
_2rdacarrier
_3resource
500 _aCatalogue of the exhibition at Yorkshire Sculpture Park, 29 May 2010 - 27 February 2011.
600 1 0 _aNash, David,
_d1945-
_vExhibition.
_915389
650 0 _aWood sculpture
_zEngland
_y20th century
_vExhibitions.
_915390
655 7 _aExhibition catalogs.
_2lcgft
_0https://id.loc.gov/authorities/genreForms/gf2014026098
_912632
658 _aFine Arts, Bachelor of.
700 1 _aWilde, Jonty.
_915391
710 2 _aYorkshire Sculpture Park.
_915392
942 _2lcc
_cBK
_hNB 1160
_i.2010 N37
_k(DAFA-FA)
999 _c5700
_d5700